000 01055nab a22002417a 4500
999 _c5501
_d5501
003 OSt
005 20251209143437.0
008 190502c xxu||||| |||| 00| 0 spa d
040 _cPJ
100 _95802
_aGarcía, Víctor Hugo
245 1 3 _aLa recepción del derecho penal alemán en la Argentina del siglo XIX. Diálogo y debate por las causas de justificación /
_cVíctor Hugo García.
260 _aCiudad Autónoma de Buenos Aires :
_bThomson Reuters La Ley,
_c2025.
300 _ap. 3-30
500 _aCita Online: AR/DOC/2134/2025.
505 _aSumario: I. Introducción.— II. Primera parte.— III. Segunda parte.— IV. Conclusión.
505 _t¿Te interesa el texto completo? Solicitalo al correo: koha@justierradelfuego.gov.ar
650 0 _9343
_aDERECHO PENAL
650 0 _92581
_aCULPABILIDAD
650 0 _94053
_aIMPUTABILIDAD
650 0 _9234
_aDERECHO COMPARADO
773 0 _02729
_93180
_dBuenos Aires : LexisNexis, 2006-
_tRevista de derecho penal y procesal penal. Nº 10 - Octubre 2025
_z9875920622
942 _2udc
_cANA